000
00260nam a22000977a 4500
008
231013b |||||||| |||| 00| 0 eng d
020
_a
9780670095926
100
_a
Nikhil Menon
_9
7719
245
_a
Planning Democracy
260
_a
Penguin Random House
_b
Haryana
_c
2022
999
_c
12453
_d
12453